Scientific American Frontiers (Record no. 334358)
[ view plain ]
| 000 -LEADER | |
|---|---|
| fixed length control field | 00542nam a2200097Ia 4500 |
| 008 - FIXED-LENGTH DATA ELEMENTS--GENERAL INFORMATION | |
| fixed length control field | 170517s9999 xx 000 0 und d |
| 245 ## - TITLE STATEMENT | |
| Title | Scientific American Frontiers |
| 300 ## - PHYSICAL DESCRIPTION | |
| Extent | Surgical Slimmers. In spite of the risks, people are lining up to solve their weight problems in the operating room. And if the latest device - an implantable stomach pacer - works out, millions more will be taking the surgical way out. Cars that Think. The fully... |
| 650 ## - SUBJECT ADDED ENTRY--TOPICAL TERM | |
| General subdivision | Science. |
| 856 ## - ELECTRONIC LOCATION AND ACCESS | |
| Uniform Resource Identifier | <a href="http://topdocumentaryfilms.com/scientific-american-frontiers/">http://topdocumentaryfilms.com/scientific-american-frontiers/</a> |
| Withdrawn status | Lost status | Damaged status | Home library | Current library | Date acquired | Total Checkouts | Date last seen | Price effective from | Koha item type |
|---|---|---|---|---|---|---|---|---|---|
| College Library | College Library | 05/17/2017 | 05/17/2017 | 05/17/2017 | Documentary Films |